=LDR 00000nam 2200000 4500 =001 NUTBA000000000001950 =005 20170109144738.0 =006 =007 =008 =020 ##$$a 978-979-29-1429-0 =035 ##$$0010-051400000000415 =040 ##$$a NBPDMAT =082 ##$$a 639.22 =090 ##$$a 639.22 $b Ghu p =100 ##$$a M.Ghufran H Kordi K =245 ##$$a Panduan lengkap budi daya kuda laut / $c M.Ghufran H Kordi K =250 ##$$a Ed.1 =260 ##$$a Yogyakarta : $b Lily Publisher, $c 2010 =300 ##$$a Yogyakarta : $b Lily Publisher, $c 2010 =500 ##$$a Bibliografi : hlm. 65 =650 ##$$a Kuda Laut - Budi Daya =850 ##$$a NBPDMAT =990 ##$$a 21400471